Slovenská lexikografia a lexikológia v rokoch 1945-1960

Bibliographic Details
Main Author: Jóna, Eugen, 1909-2004 (Author)
Format: Article
Language:Slovak
Subjects:

MARC

LEADER 00000nab a2200000 a 4500
001 vtls009155590
003 SK-MaSNL
005 20260304151737.0
008 250506c1960 xo |r|p|||||||000 b|slo
015 |a SNBRB2007/11  |2 snkbucl 
035 |a (uuid)b06860fa-2790-4024-9351-591875d9ed42 
035 |a urn:nbn:sk:snk-abc2ex 
035 |a (urnnbn)urn:nbn:sk:snk:ar-002skh 
038 |a SNKBUCL 
040 |a SNKBUCL  |b slo  |c SNKBUCL  |e AACR2 
041 0 |a slo 
044 |a xo  |c SK 
080 |a 811.162.4'373  |x "1945/1960"  |2 2001 
080 |a 81'373:811.162.4  |x "1945/1960"  |2 2001 
080 |a 81'374:811.162.4  |x "1945/1960"  |2 2001 
100 1 |a Jóna, Eugen,  |d 1909-2004  |4 aut  |9 101165 
245 1 0 |a Slovenská lexikografia a lexikológia v rokoch 1945-1960  |c Eugen Jóna 
504 |a Bibliogr. odkazy 
648 7 |a 1945-1960  |2 snkbucl  |9 296807 
650 0 7 |a slovenčina  |2 SNKPH  |9 1350 
650 0 7 |a lexikografia  |2 snkbucl  |9 867 
650 0 7 |a lexikológia  |2 snkbucl  |9 866 
773 0 |t Slovenská reč  |g Roč. 25., č. 4-5 (1960), s. 242-253 
850 |a Slovenská národná knižnica 
852 |a Slovenská národná knižnica 
954 |a odborná, vedecká literatúra pôvodná (slovenská)  |2 lita 
958 |a article15 
958 |a OND 
958 |a NB 
958 |a EUIPO 
999 |c 2945549  |d 2947479